1678 1355 1508 1460 1529 1926 1326 1367 1534 1509 1820 1707 1324 1715 1721 1356 1212 1504 1504 1522 1761 1398 1771 1839 1316 1360 1531 1275 1746 1607 1721 1865 1675 1653 1332 1212 1623 1180 1375 1699 1366 1828 1125 1753 1093 1338 1323 1748 1572 1176 1576 1998 1999 1593 1196 1065 1350 1460 1997 1347 1573 1905 1889 1894 1053 1364 1458 1829 1539 1830 1712 1297 1788 1537 1971 1875 1570 1439 1432 1919 1402 1114 1645 1315 1363 1920 1039 1136 1975 1612 1558 1487 1265 1586 1258 1181 1788 1519 1238 BCNSPRNW ULIB Ver.6.0+V

เปลี่ยนเป็นภาษาไทย

Change to English
 แสดงรายละเอียดบรรณานุกรม
  กลับหน้าหลัก

Brief Record : Get Marc (ISO 2709) : E-mail record : QR code < ปิดหน้าต่าง
LEADER : 00000nam 2200000uu 4500
001    13399124260
003     ULIB
008    150216s2557|th 000 0 tha d
020    ^a9786169218708
060  4 ^aWQ210^bก451
110    ^aสมาคมเวชศาสตร์ปริกำเนิดแห่งประเทศไทย
245    ^aการดูแลปริกำเนิดอย่างมีคุณภาพ =^bQuality in perinatla care/^cเพิ่มศักดิ์ สุเมฆศรี, บรรณาธิการ
246 0  ^aQuality in perinatla care
250    ^aพิมพ์ครั้งที่ 1
260    ^aกรุงเทพฯ :^bสมาคมเวชศาสตร์ปริกำเนิดแห่งประเทศไทย,^c2557
300    ^a182 หน้า
650    ^aปริทารกวิทยา
650    ^aทารกแรกเกิด
650    ^aสตรีมีครรภ์^xการดูแล
650    ^aภาวะแทรกซ้อนในระยะตั้งครรภ์
700 0  ^aเพิ่มศักดิ์ สุเมฆศรี,^eบรรณาธิการ
945    ^p400^l0^i039158
945    ^p400^l0^i039159
945    ^p400^l0^i039160
999    ^aทศพร
รายการนี้ยังไม่มีแท็ก
คุณยังไม่ได้ล็อกอิน คุณสามารถมีกิจกรรมร่วมกับเว็บไซต์ได้ แต่ต้องล็อกอินก่อน ::
  ล็อกอิน

รายการสื่อสารสนเทศ

ลำดับที่ ประเภท เลขเรียก/บาร์โค้ด สถานที่ สถานะ
1. วิทยาศาสตร์การแพทย์ และสุขภาพ
วิทยาศาสตร์การแพทย์ และสุขภาพ
สถานะ=หนังสือเก่า
WQ210 ก451 ฉ.1 
  Barcode: 039158
ห้องสมุดวิทยาเขตสวรรค์ประชารักษ์
►ส่วนจัดเก็บหนังสือเก่า สปร
บนชั้น
  ขอยืม
2. วิทยาศาสตร์การแพทย์ และสุขภาพ
วิทยาศาสตร์การแพทย์ และสุขภาพ
สถานะ=หนังสือเก่า
WQ210 ก451 ฉ.2 
  Barcode: 039159
ห้องสมุดวิทยาเขตสวรรค์ประชารักษ์
►ส่วนจัดเก็บหนังสือเก่า สปร
บนชั้น
  ขอยืม
3. วิทยาศาสตร์การแพทย์ และสุขภาพ
วิทยาศาสตร์การแพทย์ และสุขภาพ
สถานะ=หนังสือเก่า
WQ210 ก451 ฉ.3 
  Barcode: 039160
ห้องสมุดวิทยาเขตสวรรค์ประชารักษ์
►ส่วนจัดเก็บหนังสือเก่า สปร
บนชั้น
  ขอยืม

รายการใกล้เคียง
    หัวเรื่อง [ปริทารกวิทยา]
    หัวเรื่อง [ทารกแรกเกิด]
    หัวเรื่อง [ภาวะแทรกซ้อนในระยะตั้งครรภ์]

BibComment


ยังไม่เคยถูกคอมเมนท์

คอมเมนท์ทรัพยากรรายการนี้
  คอมเมนท์: การดูแลปริกำเนิด..


 Copyright 2026. Bcnsprnw @Library